000 00771nam a22002297a 4500
999 _c18309
_d18309
003 AR-CdUCM
008 190513b ||||| |||| 00| 0 spa d
040 _aMUNICIPALIDAD PROVINCIAL DEL CUSCO
_cBIBLIOTECA MUNICIPAL DEL CUSCO
082 _26ed.
_a895.1 /
_bY96
100 _aYutang, Lin
_935848
245 _aLa viuda, la monja, la cortesana /
260 _aMéxico :
_bHermes,
_c1964.
300 _a320 paginas ;
_c19 cm.
505 _aContenido : La viuda Chuan -- Una monja de Taishán -- La señorita tu.
650 _aLiteratura china
_97278
650 _aLiteratura asiática
_987
650 _aMujeres
_93760
650 _aLimitaciones sociales
_938825
700 _aMazia, Floreal (Traducción)
_911682
942 _2ddc
_cLIBROS
945 _awnts
_d2019-05-13